Implementacion de buenas practicas agricolas mediante el establecimiento de lotes piloto en papa y hortalizas manejos organicamente en el macizo de rabanal (Registro nro. 7758)
[ vista simple ]
| 000 -CABECERA | |
|---|---|
| Campo de control | 01298nam a22002537a 4500 |
| 005 - FECHA Y HORA DE LA ULTIMA TRANSACCION | |
| Campo de control | 20160407020002.0 |
| 008 - ELEMENTOS DE LONGITUD FIJA—INFORMACION GENERAL | |
| Campo de control | 131112b2010 ck ||||| |||| 00| 0 spa d |
| 041 ## - IDIOMA | |
| Código de idioma para texto/pista de sonido o título separado | Español |
| 044 ## - PAÍS DE PUBLICACIÓN | |
| País de publicación | Colombia |
| 090 ## - CLASIFICACIÓN LOCAL | |
| Colección | IAVH |
| Consecutivo | 01454 |
| 100 ## - ASIENTO PRINCIPAL--NOMBRE PERSONAL | |
| Nombre personal | Flores -Gabrielina. |
| 245 ## - MENCION DE TITULO | |
| Título | Implementacion de buenas practicas agricolas mediante el establecimiento de lotes piloto en papa y hortalizas manejos organicamente en el macizo de rabanal |
| 260 ## - PUBLICACION, DISTRIBUCION, ETC. (PIE DE IMPRENTA) | |
| Lugar de publicación, distribución, etc. | Sogamoso |
| Nombre del editor, distribuidor, etc. | Instituto de Investigación de Recursos Biológicos Alexander von Humboldt |
| -- | Fudacion para el Medio ambiente y el Desarrollo humano sostenible del Tropico |
| Fecha de publicación, distribución, etc. | 2010 |
| 300 ## - DESCRIPCION FISICA | |
| Extensión | 107 p. |
| Otros detalles físicos | il |
| Dimensiones | 27 cm |
| 500 ## - NOTA GENERAL | |
| Nota general | Informe técnico convenio Nº 09-06/263-09/184-0322 CE |
| 520 ## - NOTA DE RESUMEN, ETC. | |
| Nota de resumen | Presenta las experiencias de las practicas agroecológicas desarrolladas con habitantes del macizo de Rabanal, específicamente con las instituciones escolares de Tibita Centro (Municipio de Lenguazaque), San Antonio (Municipio de Guachetá), San José de Gaqcal (Municipio de Ventequemada). |
| 650 ## - ASIENTO SECUNDARIO DE MATERIA - TERMINO TEMATICO | |
| Término temático o nombre geográfico como elemento de entrada | Biopreparado |
| 650 ## - ASIENTO SECUNDARIO DE MATERIA - TERMINO TEMATICO | |
| Término temático o nombre geográfico como elemento de entrada | Fertilización |
| 650 ## - ASIENTO SECUNDARIO DE MATERIA - TERMINO TEMATICO | |
| Término temático o nombre geográfico como elemento de entrada | Abono oganico |
| 650 ## - ASIENTO SECUNDARIO DE MATERIA - TERMINO TEMATICO | |
| Término temático o nombre geográfico como elemento de entrada | Huerta escolar |
| Subdivisión geográfica | Macizo de Rabanal |
| 700 ## - ASIENTO SECUNDARIO - NOMBRE PERSONAL | |
| Nombre personal | Nuñez-Maria Mercedes. |
| 700 ## - ASIENTO SECUNDARIO - NOMBRE PERSONAL | |
| Nombre personal | Ramirez-Mauricio. |
| 942 ## - ELEMENTOS ADICIONALES (KOHA) | |
| Sistema de clasificación | Local |
| Tipo de ítem | Impreso |
| Koha issues (borrowed), all copies | 1 |
| Withdrawn status | Lost status | Sistema de Clasificación | Damaged status | No para préstamo | Colección | Inventariado | Ubicación Permanente | Ubicación actual | Fecha de adquisición | Total Checkouts | Número topográfico | Inventario / Código de Barras | Date last seen | Date checked out | Ejemplar | Price effective from | Forma de adquisición | Tipo de material |
|---|---|---|---|---|---|---|---|---|---|---|---|---|---|---|---|---|---|---|
| Local | Humboldt | Inventariado 2017 | Bogotá | Bogotá | 14/11/2013 | 1 | IVAH-01454 | 059231 | 09/08/2024 | 06/04/2016 | Ej. 1 | 14/11/2013 | Informe Técnico |